[Event "ALB-ch"]
[Site "Tirana"]
[Date "2017.09.30"]
[Round "8"]
[White "Pasku, Sotir"]
[Black "Mehmeti, Dritan"]
[Result "0-1"]
[WhiteElo "2078"]
[BlackElo "2428"]
[PlyCount "200"]
[EventDate "2017.09.23"]
[EventType "tourn"]
[EventRounds "9"]
[EventCountry "ALB"]
[SourceTitle "EXT 2019"]
[Source "ChessBase"]
[SourceDate "2018.10.10"]
[SourceVersion "1"]
[SourceVersionDate "2018.10.10"]
[SourceQuality "1"]

1. Nf3 c5 2. c4 Nf6 3. Nc3 d5 4. cxd5 Nxd5 5. g3 Nc6 6. Bg2 Nc7 7. 0-0 e5 8. d3 Be7 9. Be3 0-0 10. Nd2 Qd7 11. Qa4 Ne6 12. Bxc6 bxc6 13. Rac1 Rb8 14. Nc4 f6 15. b3 Rb4 16. Qa5 Re8 17. Ne4 Rb5 18. Qc3 Nd4 19. Rfe1 f5 20. Nxe5 Qd5 21. Bxd4 fxe4 22. dxe4 Qxd4 23. Qxd4 cxd4 24. Nxc6 Bb7 25. Nxe7+ Rxe7 26. f3 Rd7 27. Red1 Rb6 28. Rd2 Rbd6 29. Rcd1 Ba6 30. e5 Rd5 31. e6 Re7 32. e4 Re5 33. Rxd4 R5xe6 34. Kf2 Kf7 35. Rd7 Bb7 36. Rxe7+ Rxe7 37. Ke3 Rc7 38. Rd2 Ke7 39. h4 h6 40. h5 Bc8 41. g4 Be6 42. Kf4 Rc5 43. Rg2 Bf7 44. Rb2 Rc3 45. Rd2 Rc5 46. Rd4 Ra5 47. Rd2 Ra3 48. Rc2 Be8 49. Kf5 a5 50. Kf4 Bf7 51. Ke5 a4 52. Rc7+ Kf8 53. Ra7 Be8 54. f4 Rxa2 55. bxa4 Rxa4 56. Rc7 Ra5+ 57. Ke6 Ra6+ 58. Ke5 Rf6 59. f5 Ra6 60. Kf4 Ra1 61. e5 Ra4+ 62. Kg3 Re4 63. e6 Rb4 64. Kh4 Rb3 65. Rc4 Rf3 66. Rc7 Ra3 67. Rb7 Rc3 68. Ra7 Bb5 69. Ra8+ Ke7 70. Rg8 Kf6 71. Rf8+ Ke5 72. e7 Kf4 73. e8Q Bxe8 74. Rxe8 Rc1 75. Kh3 Rh1+ 76. Kg2 Rh4 77. Kf2 Rxg4 78. f6 gxf6 79. Rh8 Kg5 80. Kf3 Rf4+ 81. Kg3 Ra4 82. Rg8+ Kxh5 83. Kf3 Ra5 84. Kf4 Rg5 85. Rf8 Kg6 86. Rg8+ Kf7 87. Rh8 Kg7 88. Rb8 Ra5 89. Kg4 Rg5+ 90. Kf4 h5 91. Rc8 h4 92. Rb8 h3 93. Rb1 h2 94. Rh1 Rh5 95. Kg3 Kg6 96. Kg4 f5+ 97. Kf3 Kg5 98. Kg3 Rh8 99. Kf3 Rh3+ 100. Kg2 Kg4 0-1

[Event "ALB-ch"]
[Site "Tirana"]
[Date "2017.09.26"]
[Round "4"]
[White "Bregu, Riza"]
[Black "Pasku, Sotir"]
[Result "1-0"]
[WhiteElo "1979"]
[BlackElo "2078"]
[PlyCount "61"]
[EventDate "2017.09.23"]
[EventType "tourn"]
[EventRounds "9"]
[EventCountry "ALB"]
[SourceTitle "EXT 2019"]
[Source "ChessBase"]
[SourceDate "2018.10.10"]
[SourceVersion "1"]
[SourceVersionDate "2018.10.10"]
[SourceQuality "1"]

1. e4 c6 2. Nc3 d5 3. Nf3 Bg4 4. h3 Bxf3 5. Qxf3 e6 6. d4 Nf6 7. Bd3 dxe4 8. Nxe4 Qxd4 9. 0-0 Nbd7 10. Be3 Qd5 11. Rad1 Qa5 12. Qg3 Nxe4 13. Bxe4 Nf6 14. Bf3 Nd5 15. Qe5 0-0-0 16. Bd2 Qc7 17. Qe4 Bd6 18. Qa4 b5 19. Qb3 Bf4 20. c4 bxc4 21. Qxc4 Bxd2 22. Rxd2 Kb7 23. Rc2 Rd6 24. Rfc1 Rhd8 25. b4 Qb6 26. a4 a6 27. Rb2 Kb8 28. b5 cxb5 29. axb5 a5 30. Rbc2 f5 31. Qa4 1-0

[Event "ALB-ch"]
[Site "Tirana"]
[Date "2017.09.23"]
[Round "1"]
[White "Pasku, Sotir"]
[Black "Ashiku, Franc"]
[Result "0-1"]
[WhiteElo "2078"]
[BlackElo "2394"]
[PlyCount "22"]
[EventDate "2017.09.23"]
[EventType "tourn"]
[EventRounds "9"]
[EventCountry "ALB"]
[SourceTitle "EXT 2019"]
[Source "ChessBase"]
[SourceDate "2018.10.10"]
[SourceVersion "1"]
[SourceVersionDate "2018.10.10"]
[SourceQuality "1"]

1. Nf3 d5 2. g3 Nd7 3. d4 Ngf6 4. Bg2 b5 5. 0-0 Bb7 6. a4 bxa4 7. Rxa4 e6 8. b3 c5 9. e3 Be7 10. Bd2 0-0 11. Ne5 Qc8 0-1

[Event "Pristina op"]
[Site "Pristina"]
[Date "2015.06.20"]
[Round "9"]
[White "Pasku, Sotir"]
[Black "Saraci, Nderim"]
[Result "0-1"]
[WhiteElo "2023"]
[BlackElo "2130"]
[PlyCount "64"]
[EventDate "2015.06.13"]
[EventType "swiss"]
[EventRounds "9"]
[EventCountry "KOS"]
[SourceTitle "CBM 167 Extra"]
[Source "ChessBase"]
[SourceDate "2015.09.14"]
[SourceVersion "1"]
[SourceVersionDate "2015.09.14"]
[SourceQuality "1"]

1. d4 d5 2. c4 c6 3. Nc3 Nf6 4. e3 g6 5. Nf3 Bg7 6. cxd5 Nxd5 7. Bc4 0-0 8. 0-0 Nb6 9. Bb3 N8d7 10. Ne4 Nf6 11. Nc5 Nbd7 12. Nd3 b6 13. Qc2 Bb7 14. Bd2 Rc8 15. Rac1 c5 16. dxc5 Nxc5 17. Nxc5 Rxc5 18. Qd1 Bxf3 19. gxf3 Rg5+ 20. Kh1 Rh5 21. Bc3 Qb8 22. f4 Qa8+ 23. f3 Rd8 24. Qe1 Ng4 25. Rc2 Rd3 26. e4 Bxc3 27. bxc3 Ne3 28. Qe2 Qd8 29. Bd5 Rdxd5 30. exd5 Nxc2 31. Qxc2 Qxd5 32. c4 Qd4 0-1